| 000 | 00695nam a2200205Ii 4500 | ||
|---|---|---|---|
| 001 | 3669 | ||
| 003 | CO-ViMGA | ||
| 008 | 241108s9999||||xx |||||||||||||| ||und|| | ||
| 040 |
_aCO-ViMGA _bspa _erda _cCO-ViMGA |
||
| 041 | 0 | _aspa | |
| 082 | 0 | 4 | _a344.04 I38 |
| 110 | 1 |
_aInstituto Nacional de lo Recursos Naturales renovables y del ambiente, _952864 |
|
| 245 | 1 | 0 | _aManual de recursos naturales renovables para alcaldes corregidores e inspectores de policĂa |
| 264 | 1 | _aBogotá, Colombia : INDERENA, 1985 | |
| 300 | _avolumen | ||
| 336 |
_atext _btxt _2rdacontent |
||
| 337 |
_aunmediated _bn _2rdamedia |
||
| 338 |
_avolume _bnc _2rdacarrier |
||
| 940 | _aidficha_siabuc: 3582. -- ficha_no_siabuc:3669 | ||
| 999 |
_c47865 _d47865 |
||